000 00471nam a2200205Ia 4500
008 210210b2018 xxu||||| |||| 00| 0 eng d
020 _a9781510105010
041 _aeng
082 _a823.92 RAUB
100 _aRAUF (Onjali Q)
245 _aBoy at the back of the class
260 _aUK
_bHodder and Stoughton
_c2018
300 _avi,297
650 _aclass
650 _aBoy
650 _aback
650 _aat
690 _aEnglish Fiction
906 _a074086
999 _c123943
_d123943